| 000 | 00928nam a2200289 i 4500 | ||
|---|---|---|---|
| 001 | 169800 | ||
| 003 | ES-MaACL | ||
| 005 | 20240125063154.0 | ||
| 008 | 081128s1967 fr |||| | fre d | ||
| 017 | _a2e trimestre 1967 | ||
| 080 | _a222.1 | ||
| 080 | _a291.14 | ||
| 080 | _a296 | ||
| 100 | 1 |
_aFreud, Sigmund, _d1856-1939 _952547 |
|
| 245 | 1 | 0 |
_aMoïse et le monothéisme / _cSigmund Freud ; traduit de l'allemand par Anne Berman. |
| 260 |
_a[Paris] : _bGallimard, _c1967. |
||
| 300 |
_a186 p. ; _c17 cm. |
||
| 490 | 1 |
_aIdées ; _v138. _aPhilosophie |
|
| 500 | _aÍndice. | ||
| 597 | _aEjemplar dedicado. | ||
| 600 | 0 | 4 |
_aMoisés (Personaje bíblico) _981816 |
| 650 | 4 |
_aMonoteísmo. _915173 |
|
| 700 | 1 |
_aBerman, Anne. _9138966 |
|
| 830 | 0 |
_aIdées ; _v138. _aPhilosophie _9222905 |
|
| 852 | 4 |
_aES-MaACL _jE-12294 _9R.190487 _z. - Biblioteca Jacinto Martínez Lacalle |
|
| 999 |
_c169800 _d169800 |
||